| 000 | 00775nam a22002057a 4500 | ||
|---|---|---|---|
| 999 |
_c101487 _d101487 |
||
| 005 | 20181212123304.0 | ||
| 010 | _aENG-115537-538 | ||
| 020 |
_a9789351439714(Set of 2-vols) _c2250.00(Set of 2-vols) |
||
| 020 |
_a9789351439714(Set of 2-vols) _c2250.00(Set of 2-vols) |
||
| 035 | _aEN-99069-070 | ||
| 037 | _bDBAD/PUB | ||
| 082 | _a343.540552 | ||
| 100 | _aMittal,J.K. | ||
| 245 |
_aLaw,practice & Procedure of service tax : _bas amended by finance act,2016 / _cby J.K.Mittal |
||
| 250 | _b32nd ed. | ||
| 260 |
_aGurgaon _bLexis Nexis _c2016 |
||
| 270 |
_a14th Floor ,Building N0-10,Tower-B DLF Cyber Cirty,Phase-II _bGurgaon(Haryana) _e122002 |
||
| 300 |
_a2 Vols (xxii,987p.xcvi,xxii,998-2323p.) _c24cm (pbk) |
||
| 942 |
_2ddc _cEN _h343.5405522 MIT |
||